书目信息 |
| 题名: |
开放的思想和社会
|
|
| 作者: | 米勒 编 ;张之沧 译 | |
| 分册: | ||
| 出版信息: | 南京 江苏人民出版社 2000 |
|
| 页数: | 587页 | |
| 开本: | 20cm | |
| 丛书名: | 汉译大众精品文库 | |
| 单 册: | ||
| 中图分类: | B561.59 | |
| 科图分类: | ||
| 主题词: | ||
| 电子资源: | ||
| ISBN: | 7-214-02787-9 | |
| 000 | 00849nam0 2200265 45 | |
| 001 | CAL 012001373295 | |
| 005 | 20031219104054.6 | |
| 010 | @a7-214-02787-9@dCNY27.00 | |
| 100 | @a20001227d2000 em y0chiy0120 ea | |
| 101 | 1 | @achi@ceng |
| 102 | @aCN@b320000 | |
| 105 | @ay z 000yy | |
| 106 | @ar | |
| 200 | 1 | @a开放的思想和社会@Akai fang de si xiang he she hui@dPopper Selections@e波普尔思想精粹@f(英)戴维·米勒编@g张之沧译@zeng |
| 210 | @a南京@c江苏人民出版社@d2000 | |
| 215 | @a587页@d20cm | |
| 225 | 2 | @a汉译大众精品文库@i文化类 |
| 410 | 0 | @12001@@汉译大众精品文库 |
| 454 | 0 | @12001@@Popper Selections |
| 600 | 0 | @a波普尔@bK.R.@x哲学思想@x研究 |
| 690 | @aB561.59@v4 | |
| 701 | 1 | @a米勒@Ami le@b戴维@g(Miller, D.W.)@4编 |
| 702 | 0 | @a张之沧@Azhang zhi cang@4译 |
| 801 | @aCN@bTSTC@c20020416 | |
| 905 | @b308309-310@dB561.59@e22@f2 | |
| 开放的思想和社会=Popper Selections:波普尔思想精粹/(英)戴维·米勒编/张之沧译.-南京:江苏人民出版社,2000 |
| 587页;20cm.-(汉译大众精品文库.文化类) |
| ISBN 7-214-02787-9:CNY27.00 |
| ● |
| 相关链接 |
|
|
|
|
正题名:开放的思想和社会
索取号:B561.59/22
 
预约/预借
| 序号 | 登录号 | 条形码 | 馆藏地/架位号 | 状态 | 备注 |
| 1 | 0308309 | 203083091 | 第一借阅区/ [索取号:B561.59/22] | 在馆 | |
| 2 | 0308310 | 203083108 | 第一样本阅览室/ [索取号:B561.59/22] | 在馆 |